Petit Bac (Géographie) - Lettre L - Statistiques

Statistiques générales
  • Ce quiz a été pris 896 fois
  • Le résultat moyen est 9 sur 12
Statistiques - réponses
Hint Réponse % Correct
Pays d'Europe Lituanie / Luxembourg / Liechtenstein / Lettonie
100%
Capitale Londres / Lisbonne / Lima / Ljubljana / Luanda / Lusaka +5
93%
Département français Lot / Loire / Landes / Lozère / Loire-Atlantique / La Réunion +2
93%
Fleuve en France Loire / Laïta / Lava / Léguer / Lerre / Liamone +11
91%
Ville européenne de plus de 100 000 habitants (hors capitale) Lérida / Linz / Le Pirée / Leipzig / Liberec / Lübeck +23
88%
Pays d'Afrique Libye / Liberia / Lesotho
88%
Ville de plus de 5 millions d'habitants Los Angeles / Londres / Luanda / Lima / Le Caire / Lahore / Lagos
88%
Préfecture Lyon / Lille / Laval / Limoges / Laon / Lons-le-Saunier
84%
Ville des Etats-Unis de plus de 200 000 habitants Las Vegas / Little Rock / Los Angeles / Louisville / Lubbock +4
76%
États des États-Unis Louisiane
68%
Mer, océan ou golfe Mer du Labrador / Mer de Libye / Mer Ligurienne / Golfe du Lion +8
26%
Province espagnole León / Las Palmas / Lérida / Lugo / La Rioja / La Corogne
24%
Aucun quiz correspondant
Distribution des résultats
% des personnes avec chaque résultat
Percentile par nombre de réponses
Votre historique - résultats
Vous n’avez pas pris ce quiz